000 00184 a2200097 4500
020 _a9780743270410
041 _aeng
100 _aVince Fynn
245 _aProtect and Defnd
942 _cK
999 _c26934
_d26934